01009cam a2200217 a 45000010009000000050017000090080041000260100017000670200015000840400013000990820014001121000026001262450074001522600124002263000028003505000119003785050222004976500032007196500021007517000019007721188766620220326193305.0000112s1999 ve a 000 0 spa  a 00274916  a9802332119 aDLCcDLC a708bZ54b1 aZerpa, Carlos,d1950-10aBatido pingüino :bseis historias y una entrevista /cCarlos Zerpa. aValencia, Venezuela :bUniversidad de Carabobo, Dirección de Cultura, Galería Universitaria Braulio Salazar,c1999. a89 p. :bill. ;c22 cm. aWritings to accompany an exhibition of paintings by the author held at the Galería Braulio Salazar in Venezuela. tHe AquítLicuado tLas niñas del Coum me obsesionan tSí... ¡Pero mucha fantasía!tCómetelo crudo y si esta vivo mejor tGustos perversos por los muebles tArte comestible tEl auto retrato tZoo/Entrevista 0aArts, Moderny20th century. 0aArt and society. aZerpa, Carlos,